|
|
|
|
| LEADER |
00000nam a2200000 a 4500 |
| 001 |
vtls001152229 |
| 003 |
SK-MaSNL |
| 005 |
20260425234436.0 |
| 008 |
240226s1801 xo lat |
| 015 |
|
|
|a SNBHFA
|
| 035 |
|
|
|a SNK000095111
|
| 035 |
|
|
|a 8CBF02F7-CF4B-4686-8774-28690D2FDFF1
|
| 035 |
|
|
|a urn:nbn:sk:snk-am00iej3
|
| 040 |
|
|
|a SNKHFA
|b slo
|c SNKHFA
|e AACR2
|
| 041 |
0 |
|
|a lat
|
| 044 |
|
|
|a xo
|c SK
|
| 072 |
|
7 |
|a 101
|x Filozofia
|2 konspekt
|
| 080 |
|
|
|a 101
|2 2011
|
| 100 |
1 |
|
|a Adami, Ján Nepomuk,
|d 1738-1821
|4 aut
|9 54729
|
| 245 |
0 |
|
|a Fragmentum Statisticae Graecorum De Disciplina Civium Et Educatione Juventutis
|c In Certa Capita Redegit Joannes Adámi Professor Statisticae Emeritus
|
| 260 |
|
|
|a Posonii
|b Typis Joannnis Nep. Schauff
|c 1801
|
| 300 |
|
|
|a 60 s.
|c 19 cm
|
| 650 |
0 |
7 |
|a filozofia
|2 SNKPH
|9 793
|
| 700 |
1 |
|
|a Schauf, Ján Nepomuk,
|d 1757-1827
|4 prt
|9 211926
|
| 752 |
|
|
|a Slovensko
|d Bratislava
|
| 852 |
|
|
|a Slovenská národná knižnica
|b Historické fondy
|
| 852 |
|
|
|a snk
|p SD 17339
|
| 958 |
|
|
|a ONDV
|
| 958 |
|
|
|a DF
|
| 999 |
|
|
|c 795271
|d 797201
|
| 952 |
|
|
|a SNK
|b SNK
|y PREZ
|7 0
|p 17A0383769
|o snkSD 17339
|i snkKSF 1545/59
|8 5
|0 0
|1 0
|4 0
|d 2003-05-28
|f 1
|l 0
|r 2025-12-01 00:00:00
|w 2026-02-24
|
| 952 |
|
|
|a SNK
|b SNK
|y PREZ
|7 0
|p 17A0383927
|o snkSD 17339 D1
|i snk1313/69
|0 0
|1 0
|4 0
|d 2003-05-28
|l 0
|r 2005-01-01 00:00:00
|w 2026-02-24
|
| 952 |
|
|
|a SNK
|b SNK
|y PREZ
|7 0
|p 17A0383926
|o snkSD 17339 D2
|i snkF 2142/79
|8 5
|0 0
|1 0
|4 0
|d 2003-05-28
|l 0
|r 2005-01-01 00:00:00
|w 2026-02-24
|